Fuenteovejuna / (Record no. 136835)

MARC details
000 -CABECERA
campo de control de longitud fija 01997nam a22003494i 4500
001 - NÚMERO DE CONTROL
campo de control 991061521803506706
003 - IDENTIFICADOR DEL NÚMERO DE CONTROL
campo de control ES-BaIT
005 - FECHA Y HORA DE LA ÚLTIMA TRANSACCIÓN
campo de control 20251120132718.0
008 - DATOS DE LONGITUD FIJA--INFORMACIÓN GENERAL
campo de control de longitud fija 251118s2014 sp a 000 d spa c
017 ## - NÚMERO DE COPYRIGHT O DE DEPÓSITO LEGAL
Número de copyright o de depósito legal DL V 1570-2014
Agencia que asigna Oficina DL València
020 ## - NÚMERO INTERNACIONAL ESTÁNDAR DEL LIBRO
Número Internacional Estándar del Libro 9788498456035
040 ## - FUENTE DE LA CATALOGACIÓN
Centro catalogador/agencia de origen ES-BaIT
Lengua de catalogación cat
Normas de descripción rda
Centro/agencia transcriptor ES-BaIT
080 ## - NÚMERO DE LA CLASIFICACIÓN DECIMAL UNIVERSAL
Número de la Clasificación Decimal Universal 792.077:82-2
100 1# - ENTRADA PRINCIPAL--NOMBRE DE PERSONA
Nombre de persona Vega, Lope de,
Fechas asociadas al nombre 1562-1635
Término indicativo de función/relación autor
9 (RLIN) 50875
245 10 - MENCIÓN DE TÍTULO
Título Fuenteovejuna /
Mención de responsabilidad, etc. Lope de Vega ; adaptación de José Antonio Martínez y Salvador Bataller
264 #1 - PRODUCCIÓN, PUBLICACIÓN, DISTRIBUCIÓN, FABRICACIÓN Y COPYRIGHT
Producción, publicación, distribución, fabricación y copyright Alzira :
Nombre del de productor, editor, distribuidor, fabricante Algar,
Fecha de producción, publicación, distribución, fabricación o copyright 2014
300 ## - DESCRIPCIÓN FÍSICA
Extensión 283 pàgines ;
Dimensiones 21 cm
336 ## - TIPO DE CONTENIDO
Término de tipo de contenido text
Código de tipo de contenido txt
Fuente rdacontent
337 ## - TIPO DE MEDIO
Nombre/término del tipo de medio sense mediació
Código del tipo de medio n
Fuente rdamedia
338 ## - TIPO DE SOPORTE
Nombre/término del tipo de soporte volum
Código del tipo de soporte nc
Fuente rdacarrier
490 1# - MENCIÓN DE SERIE
Mención de serie Joven Teatro de Papel
500 ## - NOTA GENERAL
Nota general Reimpressions: 2023
500 ## - NOTA GENERAL
Nota general P22: D4, H18 i altres
505 8# - NOTA DE CONTENIDO CON FORMATO
Nota de contenido con formato Inclou codi QR a la contracoberta
520 ## - SUMARIO, ETC.
Sumario, etc. "Quien no haya leído aún Fuenteovejuna, o la leyó y no acabó de entenderla, con esta adaptación perderá el miedo al verso y sabrá cómo y por qué Fuenteovejuna mató al comendador y lo hicieron todos a una. Quien ya disfrutó de esta obra emblemática sobre el poder del pueblo contra la tiranía, ahora puede revivir, con palabras actuales y verso clásico, aquellos conflictos antiguos y de siempre.Dentro y fuera de nuestras fronteras, esta es una de las obras más leídas y representadas de Lope de Vega (Madrid, 1562-1635). Con esta adaptación de los profesores y hombres de teatro José Antonio Martínez Blázquez (Hellín, 1956) y Salvador Bataller Ferrer (La Pobla del Duc, 1950), se pretende abrir un puente de naturalidad lingüística fácilmente transitable para el lector actual, que le permita entender mejor Fuenteovejuna y el teatro del XVII." -- Contracoberta
700 1# - ENTRADA AGREGADA--NOMBRE PERSONAL
Nombre de persona Martínez, José Antonio
Término indicativo de función/relación adaptador
9 (RLIN) 167936
700 1# - ENTRADA AGREGADA--NOMBRE PERSONAL
Nombre de persona Bataller, Salvador
Término indicativo de función/relación adaptador
9 (RLIN) 7123
830 ## - PUNTO DE ACCESO ADICIONAL DE SERIE-TÍTULO UNIFORME
Título uniforme Joven teatro de papel
9 (RLIN) 123812
908 ## - COLOCAR PARÁMETRO DE COMANDO (RLIN)
Colocar parámetro de comando CDMAE
940 ## - EQUIVALENCIA O REFERENCIA-CRUZADA--TÍTULO UNIFORME [OBSOLETO] [solamente CAN/MARC]
Título uniforme <a href="CVA38">CVA38</a>
942 ## - ELEMENTOS DE ENTRADA AGREGADA (KOHA)
Fuente del sistema de clasificación o colocación Clasificación decimal universal
Tipo de ítem Koha Llibre
Holdings
Estado de retiro Estado de pérdida Fuente del sistema de clasificación o colocación Estado dañado No para préstamo Localización permanente Ubicación/localización actual Ubicación en estantería Fecha de adquisición Fuente de adquisición Total de préstamos Signatura topográfica completa Código de barras Fecha visto por última vez Precio válido a partir de Tipo de ítem Koha
    Clasificación decimal universal     Biblioteca Vic Biblioteca Barcelona OSONA-Vic 20/11/2025 Compra   792.077:82-2 VEG 1900089512 20/11/2025 20/11/2025 Llibre

Powered by Koha